000 00311nam a22001457a 4500
003 SGT
082 _a301
_bS14P
100 _aPLUMMER, KEN
245 _aSOCIOLOGY: A GLOBAL INTRODUCTION
250 _a5TH
260 _aINDIA
_bPERSON
_c2014
300 _a1040
650 _aSOCIOLOGY
942 _2ddc
_cBK
_02
999 _c15087
_d15087